Wahrheit und Wissenschaft : Adolf Portmann, Naturforschung und Humanismus

Αποθηκεύτηκε σε:
Λεπτομέρειες βιβλιογραφικής εγγραφής
Κύριος συγγραφέας: Jaspers, Karl, 1883-1969
Μορφή: Βιβλίο
Γλώσσα:German
Δημοσίευση: Munchen : R. Piper, 1960
Θέματα:
Ετικέτες: Προσθήκη ετικέτας
Δεν υπάρχουν, Καταχωρήστε ετικέτα πρώτοι!

MARC

LEADER 00000cam a2200000 i 4500
001 1/85188
008 050912s1960 ger d
035 |l 10080214 
040 |a GR-MY-UA  |b gre  |e aacr 
041 0 |a ger 
082 0 |a 193  |2 (22) 
100 1 |a Jaspers, Karl,   |d 1883-1969. 
245 1 0 |a Wahrheit und Wissenschaft :  |b Adolf Portmann, Naturforschung und Humanismus /  |c Karl Jaspers 
260 |a Munchen :   |b R. Piper,   |c 1960 
300 |a 45 σ.;  |c 21 εκ. 
500 |a Με: Φιλοσοφικά και πολιτικά δοκίμια / Karl Jaspers. - Wahrheit, Freiheit und Friede / Karl Jaspers. - Die Hoffnungen unserer Zeit / K. Jaspers...[et al.]. - Objekt und transzendenz bei Jaspers / Ludwig Armbruster S.J. 
650 0 0 |a Education, Higher  |x Aims and objectives. 
650 0 0 |a Learning and scholarship. 
852 |a INST  |b RHODES  |c KRI  |e 20050912  |h  193 JAS  |p 005400022304  |q 005400022304  |t BK  |y 0 
901 |a BIBL4-2005-3 
909 |a Ρ  |b 122313 
970 |a ΚΟΖΑ  |b ΜΑΡΙΑ  |z 2005/09/12